00526nam a2200193 a 4500001001300000003000900013005001700022008004100039020002600080082001500106100002300121245004200144260004800186300000900234500003500243505001000278650002100288700002300309nice12345678IN_TiNIC20260116013134.0050524s1980 afra grp 000 0 eng  a0821456 c536.5500a181.4bORG aOrgan, Troy Wilson aHindu Quest for the Perfection of Man aAfricabAthen`s Ohio University Pressc1980 a439p aincludes index and biblioraphy2 aIndex aPhilosophy-Hindu1 aOrgan, Troy Wilson